Misalliance (Record no. 143967)

MARC details
000 -LEADER
campo de control de longitud fija 00672nam a2200193 4500
001 - NÚMERO DE CONTROL
campo de control 143967
003 - IDENTIFICADOR DE NÚMERO DE CONTROL
campo de control ES-MaACL
005 - FECHA Y HORA DE LA ÚLTIMA TRANSACCIÓN
campo de control 20230906200921.0
007 - CAMPO FIJO DE DESCRIPCIÓN FÍSICA--INFORMACIÓN GENERAL
campo de control de longitud fija t|
008 - DATOS DE LONGITUD FIJA--INFORMACIÓN GENERAL
campo de control de longitud fija 070214s1914 xxk r ||||1| eng d
100 1# - ENTRADA PRINCIPAL--NOMBRE DE PERSONA
Nombre de persona Shaw, Bernard.
9 (RLIN) 106025
245 10 - MENCIÓN DEL TÍTULO
Título Misalliance
Resto del título : ; The Dark Lady of the Sonnets ; and Fanny's First Play ; with a Treatise on parents and children /
Mención de responsabilidad, etc. by Bernard Shaw.
260 ## - PUBLICACIÓN, DISTRIBUCIÓN, ETC.
Lugar de publicación, distribución, etc. London :
Nombre del editor, distribuidor, etc. Constable and Co.,
Fecha de publicación, distribución, etc. 1914 (
Lugar de fabricación/manufactura Edinburgh :
Fabricante R. R. Clark)
300 ## - DESCRIPCIÓN FÍSICA
Extensión CXIX, 234 p. ;
Dimensiones 18 cm.
740 0# - ENTRADA AGREGADA--TÍTULO RELACIONADO/ANALÍTICO NO CONTROLADO
Título relacionado o analítico no controlado The Dark Lady of the Sonnets.
740 0# - ENTRADA AGREGADA--TÍTULO RELACIONADO/ANALÍTICO NO CONTROLADO
Título relacionado o analítico no controlado Fanny's First Play.
740 0# - ENTRADA AGREGADA--TÍTULO RELACIONADO/ANALÍTICO NO CONTROLADO
Título relacionado o analítico no controlado Treatise on parents and children.
852 ## - LOCALIZACIÓN
Ubicación ES-MaACL
Número de control de estantería F-5395
Holdings
Estatus retirado Estado de pérdida Estado de daño No para préstamo Biblioteca de origen Biblioteca actual Ubicación en estantería Fecha de adquisición Fuente de adquisición Total de préstamos Signatura topográfica completa Código de barras Visto por última vez Precio de reemplazo Tipo de ítem Koha
        Biblioteca del Ateneo de Madrid Biblioteca del Ateneo de Madrid Depósito 2 17/01/2008     F-5395 1149787 23/02/2023 23/02/2023 Libro impreso